000
00316pab a2200145 454500
008
180718b2016 xxu||||| |||| 00| 0 eng d
100
_a
Modi, Anju
245
_a
Reinventing textile trends
260
_c
2016
300
_a
p.79-80.
362
_a
Oct
650
_a
Textiles
773
_a
Yojana
909
_a
112459
999
_c
112454
_d
112454